Система самостоятельной работы студента в рамках гибридной заочной формы обучения; Уровневая подготовка специалистов: государственные и международные стандарты инженерного образования

Podrobná bibliografie
Parent link:Уровневая подготовка специалистов: государственные и международные стандарты инженерного образования.— 2011.— [С. 107-109]
Hlavní autor: Велединская С. Б. Светлана Борисовна
Korporativní autor: Национальный исследовательский Томский политехнический университет (ТПУ)
Shrnutí:Заглавие с титульного листа
Jazyk:ruština
Vydáno: 2011
Edice:Самостоятельная работа в условиях асинхронной организации учебного процесса
Témata:
On-line přístup:http://www.lib.tpu.ru/fulltext/c/2011/C09/056.pdf
Médium: MixedMaterials Elektronický zdroj Kapitola
KOHA link:https://koha.lib.tpu.ru/cgi-bin/koha/opac-detail.pl?biblionumber=231780

MARC

LEADER 00000nla2a2200000 4500
001 231780
005 20231031202923.0
035 |a (RuTPU)RU\TPU\book\252806 
035 |a RU\TPU\book\252801 
090 |a 231780 
100 |a 20130206d2011 k y0rusy50 ca 
101 0 |a rus 
102 |a RU 
105 |a y z 101zy 
135 |a drnn ---uucaa 
181 0 |a i  
182 0 |a b 
200 1 |a Система самостоятельной работы студента в рамках гибридной заочной формы обучения  |b Электронный ресурс  |f С. Б. Велединская 
203 |a Текст  |c электронный 
215 |a 1 файл (303 Кб) 
225 1 |a Самостоятельная работа в условиях асинхронной организации учебного процесса 
230 |a Электронные текстовые данные (1 файл : 303 Кб) 
300 |a Заглавие с титульного листа 
337 |a Adobe Reader 
463 1 |0 (RuTPU)RU\TPU\book\243018  |t Уровневая подготовка специалистов: государственные и международные стандарты инженерного образования  |o сборник трудов научно-методической конференции, 10-11 марта 2011 г., Томск  |f Национальный исследовательский Томский политехнический университет (ТПУ)  |v [С. 107-109]  |d 2011 
610 1 |a труды учёных ТПУ 
610 1 |a электронный ресурс 
610 1 |a самостоятельная работа 
610 1 |a студенты 
610 1 |a заочное обучение 
700 1 |a Велединская  |b С. Б.  |c лингвист  |c доцент Томского политехнического университета, кандидат филологических наук  |f 1966-  |g Светлана Борисовна  |2 stltpush  |3 (RuTPU)RU\TPU\pers\24560 
712 0 2 |a Национальный исследовательский Томский политехнический университет (ТПУ)  |c (2009- )  |2 stltpush  |3 (RuTPU)RU\TPU\col\15902 
801 1 |a RU  |b 63413507  |c 20120830 
801 2 |a RU  |b 63413507  |c 20130207  |g RCR 
856 4 |u http://www.lib.tpu.ru/fulltext/c/2011/C09/056.pdf 
942 |c CF